000 01356cam a2200277 4500
001 ABS63730
008 000000n2001 000 0 eng u
035 _a(Sirsi) u111864
100 _aRoscoe, J.
245 _aStrike a reasonable balance
260 _c2001
490 _aEstates Gazette
_v(0113) 31 March 2001, 145(1)
520 _aDiscusses, and welcomes, the recent moves in Scotland, England and Wales, to reform the law surrounding property management. Looks at the Scottish Law Commission's report dealing with title burdens (covenants), and the Commonhold and Leasehold Reform Bill, which will affect England and Wales. The common theme in both is the need to create workable covenants to deal with common parts. Notes that the reforms do not alter the fact that the management of common parts largely depends on the specifics of each development. Concludes that a balance must be struck between flexibility and obligations.
590 _aABS
650 _aCOMMONHOLD AND LEASEHOLD REFORM BILL
650 _aCOMMONHOLD
650 _aProperty management
_96262
650 _aABOLITION OF FEUDAL TENURE ETC (SCOTLAND) ACT 2000
650 _aTITLE
650 _aPOSITIVE COVENANTS
650 _aOBLIGATIONS
650 _aFLEXIBILITY
690 _aLANDLORD AND TENANT-LEASEHOLD REFORM
700 _aThomas, I.
942 _n0
999 _c66665
_d66665